| 000 | 00658pam a2200229 a 4500 | ||
|---|---|---|---|
| 001 | 4818846 | ||
| 005 | 20180104043523.0 | ||
| 008 | 890816s1990 nyua b 001 0 eng | ||
| 010 | _a 89035932 | ||
| 020 | _a0471631086 | ||
| 040 |
_aDLC _cDLC _dDLC |
||
| 041 | _aeng | ||
| 080 | _a616.89 | ||
| 082 | 0 | 0 |
_a616.89 DAV _220 |
| 100 | 1 | _a48 | |
| 101 | _aPSI | ||
| 245 | 1 | 0 |
_aAbnormal psychology / _cGerald C. Davison, John M. Neale. |
| 504 | _aIncludes bibliographical references and indexes. | ||
| 906 |
_a7 _bcbc _corignew _d1 _eocip _f19 _gy-gencatlg |
||
| 942 |
_2ddc _cBK |
||
| 999 |
_c39684 _d39684 |
||